|
|
|
|
| LEADER |
00000nab a2200000 a 4500 |
| 001 |
vtls000598821 |
| 003 |
SK-MaSNL |
| 005 |
20260303015803.0 |
| 008 |
160202c1996 xo 0 cze |
| 015 |
|
|
|a SNBRB19rr/mm-uuuuu
|
| 035 |
|
|
|a CL0598960
|
| 040 |
|
|
|a SNKBUCL
|b slo
|c SNKBUCL
|e AACR2
|
| 041 |
0 |
|
|a cze
|
| 044 |
|
|
|a xo
|c SK
|
| 080 |
|
|
|a 621.791.754:661.9:621.873:061.5(437.1/.2)
|2 1981
|
| 080 |
|
|
|a 661.9
|2 1981
|
| 080 |
|
|
|a 621.873:061.5(437.1/.2)
|2 1981
|
| 100 |
1 |
|
|a Halla, Petr
|4 aut
|9 998805
|
| 245 |
1 |
0 |
|a Zvýšila se kvalita a produktivita
|c Petr Halla
|
| 650 |
0 |
7 |
|a zváranie oblúkové v ochrannej atmosfére
|2 snkbucl
|9 23617
|
| 650 |
0 |
7 |
|a MISON (plyny technické ochranné)
|2 snkbucl
|9 999013
|
| 650 |
0 |
7 |
|a Královopolská jeřáby, a.s., Brno
|2 snkbucl
|9 999026
|
| 655 |
|
7 |
|a články z novín a časopisov
|2 snkbucl
|9 267496
|
| 773 |
0 |
|
|t Zváranie. Svařování
|g Roč. 45, č. 7 (1996), s. 157
|x 0044-5525
|
| 850 |
|
|
|a Slovenská národná knižnica v Martine
|a MTA001
|
| 852 |
|
|
|a SNK
|b KIS3GCP
|
| 958 |
|
|
|a RK
|
| 958 |
|
|
|a CZ
|
| 992 |
|
|
|a RBX
|
| 999 |
|
|
|c 1614675
|d 1616605
|